00966nam a2200277 i 4500003000900000005001700009007000300026008004100029020001800070040003000088082001300118100004600131245007400177264003800251300004400289336002700333337003400360338002800394500002600422590002700448700003800475910001400513942001400527952013000541999001700671DO-SdBNP20240529105718.0ta240529s2016 dr o 000 0 spa d a9789945087109 aDO-SdBNPbspacBNPHUerda bN9642221 aNúñez, Alejandro911765efotógrafo 13aMi ciudad Colonial /cAlejandro Núñez : textos Minerva Del Risco  1aSanto Domingo :bSerigraf,c2016. a405 páginas, bfotografíasc24 cm. 2rdacontentatextobtxt 2rdamediaasin mediación bn 2rdacarrieravolumenbnc aLibro de pasta dura.  aInventariado, 2024/ YL1 aDel Risco, Minervaetextos985579 aYLockward 2ddccLBS1 00102ddc51708DS-RaBNPHUbBNPHUcCTd2023-11-30eDonación l0oBNPHU R-PD N964p2024-3209r2024-05-29w2024-05-29yLBS1 c56770d56770